000 00608nam a2200217Ia 4500
005 20260429112052.0
008 260429s9999||||xx |||||||||||||| ||und||
020 _a9781071617267
041 _aEnglish
082 _a631.46
_bAMA
100 _aAmaresan, Natarajan
245 0 _aPractical handbook on agricultural microbiology /
_cNatarajan Amaresan
250 _a1st ed.
260 _aNew York :
_bSpringer,
_c2022.
300 _axiii, 413 p.; pbk
650 _a Applied microbiology
650 _aAgricultural microbiology
700 _a Amin, Dhruti
700 _a Patel, Prittesh
942 _cTB
999 _c52183
_d52183